Top Scorers Serie A 2017-18 - Statistics

General Stats
  • This quiz has been taken 74 times
  • The average score is 13 of 22
Answer Stats
# Player Club Goals % Correct
1 Ciro Immobile Lazio 29
98%
6 Gonzalo Higuain Juventus 16
97%
2 Mauro Icardi Inter Milan 28
95%
3 Paulo Dybala Juventus 22
95%
5 Dries Mertens Napoli 18
89%
6 Edin Dzeko AS Roma 16
89%
4 Fabio Quagliarella Sampdoria 19
71%
19 Andrea Belotti Torino 10
68%
9 Sergej Milinkovic-Savic Lazio 12
58%
13 Ivan Perisic Inter Milan 11
56%
13 Duvan Zapata Udinese 11
55%
13 Luis Alberto Lazio 11
52%
13 Josip Ilicic Atalanta 11
50%
8 Giovanni Simeone Fiorentina 14
35%
13 Leonardo Pavoletti Cagliari 11
34%
19 Patrick Cutrone AC Milan 10
34%
9 Roberto Inglese Chievo 12
34%
19 Matteo Politano Sassuolo 10
32%
9 Iago Falque Torino 12
31%
9 Kevin Lasagna Udinese 12
29%
13 Mirco Antenucci SPAL 11
26%
19 Simone Verdi Bologna 10
24%
No matching quizzes found
Score Distribution
Percent of People with Each Score
Percentile by Number Answered
Your Score History
You have not taken this quiz